| 000 | 00980cam a2200265 a 4500 | ||
|---|---|---|---|
| 001 | 000012370 | ||
| 005 | 20200929163020.0 | ||
| 008 | 990603s1998 ve a b 000 0 spa d | ||
| 020 | _a9800011579 | ||
| 035 | _a(CtY)notisFMQ2313 | ||
| 035 | _a(CStRLIN)CTYAFMQ2313-B | ||
| 040 |
_aDO-SdBNP _cBID _dCtY _dBNPHU |
||
| 082 |
_a001.40987 _bP349ó |
||
| 100 | 1 |
_aPeña Cedillo, Jesús. _929062 |
|
| 245 | 1 | 0 |
_aOrganizaciones que aprenden : _bla evaluación de instituciones destinadas a la investigación y el desarrollo / _cJesús Peña Cedillo. |
| 260 |
_aCaracas, (Venezuela) : _bCENDES, _c1998. |
||
| 300 |
_a163 p. : _bil. ; _c23 cm. |
||
| 490 | 1 | _aMención publicación | |
| 504 | _aIncluye bibliografías: ([103]-108). | ||
| 650 | 4 |
_aInstitutos de investigacion _zVenezuela _xEvaluacion _929063 |
|
| 650 | 4 |
_aInstitutos de investigacion _zVenezuela _xInnovaciones _929064 |
|
| 830 | 0 |
_aMención publicación. _929065 |
|
| 910 | _aCatalogación por copia / LC | ||
| 049 | _aBNGR | ||
| 999 |
_c12027 _d12027 |
||